000 00282nam a22001337a 4500
008 170830b xxu||||| |||| 00| 0 eng d
020 _a9780073515984
041 _aeng
080 _a070
100 _a39
101 _aMED
245 _aMASS MEDIA
_cALEXANDER.A
942 _2udc
_cBK
999 _c25561
_d25561